01978cam a2200469 4500001001400000005001700014008004100031020003500072040003300107041001300140044001100153072004400164080001900208080001500227080002200242080001800264080001800282100002700300240011800327245029800445250001500743264002900758300002300787336002600810337002900836338002900865500006000894500007100954500006701025650003401092650003301126650004601159650004201205650003101247650003501278650003901313655002201352655004901374655002801423655002501451700003201476vtls01177735920200129130212.0180906s2018 xo gr 011 1dslo  a9788022209397q(brožované) aTTKJFbslocTTKJFKdSNKerda1 asloheng axocSK 7a82.0xLiteratúra (teória)2konspekt a821(100)22011 a82.022011 a82.0:159.9322011 a(0.062)22011 a(048.8)220111 aFoster, Thomas C.4aut10aHow to read literature like a professor - a lively and entertaining guide to reading between the lineslSlovensky10aČítaj literatúru ako profesorbdynamická a zábavná príručka o čítaní medzi riadkamicThomas C. Foster ; z anglického originálu How to read literature like a professor - a lively and entertaining guide to reading between the lines ... preložila Marianna Bachledová aVydanie I. 1aBratislavabTatranc2018 a344 stránc21 cm atextbtxt2rdacontent abez médiabn2rdamedia azväzokbnc2rdacarrier aNa obálke knihy je uvedené: Rozšírené vydanie aPublikácia vyšla v roku 70. výročia vydavateľstva Tatran aObsahuje biografické údaje o autorovi na záložke knihy07asvetová literatúra2SNKPH07ateória literatúry2SNKPH07aštruktúra a kompozícia textu2SNKPH07avnímanie literárneho diela2SNKPH07aWorld literature2SNKPHeng07aTheory of literature2SNKPHeng07aPerception of literature2SNKPHeng 7amonografie2SNKPH 7apopulárno-náučné publikácie2SNKPH 7aPopular works2SNKPHeng 7aMonographs2SNKPHeng1 aBachledová, Marianna4trl